Air conditioning and refrigeration for the professional (Record no. 34020)

MARC details
000 -LEADER
fixed length control field 00619nam a2200157 a 4500
008 - FIXED-LENGTH DATA ELEMENTS--GENERAL INFORMATION
fixed length control field 120416s1988 ||||||||||||||||| || u
020 ## - INTERNATIONAL STANDARD BOOK NUMBER
International Standard Book Number 0471830453
050 ## - LIBRARY OF CONGRESS CALL NUMBER
Classification number TH 7687 Cha
100 ## - MAIN ENTRY--PERSONAL NAME
Personal name Chatenever, Robert
245 10 - TITLE STATEMENT
Title Air conditioning and refrigeration for the professional
260 ## - PUBLICATION, DISTRIBUTION, ETC.
Place of publication, distribution, etc. New York
Name of publisher, distributor, etc. John Wiley and Sons
Date of publication, distribution, etc. 1988
300 ## - PHYSICAL DESCRIPTION
Extent xii, 653p. : ill.
350 ## - PRICE (NR) (BK AM CF MU VM SE) [OBSOLETE]
Price 0.00
650 ## - SUBJECT ADDED ENTRY--TOPICAL TERM
Topical term or geographic name entry element REFRIGERATION AND REFRIGERATING MACHINERY--MAINTENANCE AND REPAIR
995 ## - RECOMMENDATION 995 [LOCAL, UNIMARC FRANCE]
-- 0.00
-- CBU-MAIN LIBRARY (Kitwe)
-- 1
-- 37.80
-- AVAILABLE
-- Main Library Open Access Collection
Holdings
Withdrawn status Lost status Source of classification or shelving scheme Damaged status Not for loan Home library Current library Shelving location Date acquired Total Checkouts Full call number Barcode Date last seen Price effective from Koha item type
          CBU-MAIN LIBRARY, KITWE. CBU-MAIN LIBRARY, KITWE.   11/30/2022   TH 7687 Cha 016361 11/30/2022 11/30/2022 MONOGRAPH